| 000 | 00837cam a2200289 a 4500 | ||
|---|---|---|---|
| 001 | 176548 | ||
| 003 | ARRUPE | ||
| 005 | 20140611144027.0 | ||
| 008 | 830825s1981 rh af b 000 0 eng d | ||
| 020 | _a086920226X | ||
| 020 | _a0869202421 (pbk.) | ||
| 035 | _a(OCoLC)9014406 | ||
| 035 | _a(OCoLC)ocm09014406 | ||
| 035 | _a(CStRLIN)NYCG83-B51970 | ||
| 035 | _a(NNC)176548 | ||
| 040 |
_aNNC _cNNC |
||
| 043 | _af-rh--- | ||
| 090 |
_aHD9147.Z5 _bM3 |
||
| 100 | 1 |
_aMcClymont, D. S. _910842 |
|
| 245 | 1 | 0 |
_aBonanza : _b75 years of flue-cured tobacco advice / _cby D.S. McClymont. |
| 260 |
_aBulawayo : _bBooks of Zimbabwe, _c1981. |
||
| 300 |
_a112 p. : _bill., [8] p. of plates ; _c18 cm. |
||
| 504 | _aBibliography: p. 97-112. | ||
| 650 | 0 |
_aTobacco industry _zZimbabwe _xHistory. _910843 |
|
| 942 |
_2lcc _cSPC |
||
| 999 |
_c120711 _d120711 |
||